000 00955nam a22003017a 4500
003 CHAP
005 20220329135016.0
008 971013s1959 r 00010 d
010 _a29475
011 _a30447
035 _a34559
040 _cCHAP
090 _aTesis
100 0 0 _aLerma Zamora, Esteban.
_966300
245 _aPresencia de algunas plagas y su importancia en el Bajo Papaloapan
260 _aChapingo, Méx. :
_bEl autor,
_c1959
300 _a54 p.
502 _aTesis (Ing. Agr. Esp. en Parasitología) -- ENA. Departametnto de Parasitología Agrícola
590 _aALEPH
_b10
_c20130110
_lUCH01
_h1251
590 _aBATCH-UPD
_b10
_c20130110
_lUCH01
_h1038
590 _aCONVERSION
_b10
_c20130109
_lUCH01
_h1317
650 1 4 _aAgricultura
_xPlagas.
_91764
650 1 4 _aAgricultura
_zVeracruz.
_91941
901 _aBK
942 _cFOLL
949 _bBC
_cTES
_d-79940
_eTS1
_i34559
_si
949 _bBC
_cTES
_d-79941
_eTS2
_fc.2
_i34559
_si
999 _c29475
_d29475